Quizzes
Events
Quiz Creation
Community
Videos
Private Events
Remove Ads
Sign In
Join for FREE
Feedback
Dark Mode
Quiz Categories
Sports
Geography
Music
Movies
Television
Just For Fun
Miscellaneous
History
Literature
Language
Science
Gaming
Entertainment
Religion
Holiday
For Kids
Quiz Lab
Recent
Popular Today
Quiz Kudos Today
Editor Picks
Curator Picks
Quizzes by...
Day
Popularity
Type
Ratings
Length
Year
Community
Subscriptions
Recent Discussions
Orange Saloon
Badges
Playlists
Quests
Create
Leaderboards
Showdown
Live 5
Trivia Bingo
Activity
Puzzle Library
Sporcle Events
Private Events
Virtual Trivia
Globe League
Become a Host
Pub Owners
SporcleCon
Opinionation
Our Games
Videos
Blog
Mobile Apps
Partnerships
Remove Ads and Go Orange
Feedback
Gaming
Video Games
Board Games
Card Games
Pokémon
Mario
Nintendo
Minecraft
Console
Toys
Legend of Zelda
Gaming
Video Games
Board Games
Card Games
Pokémon
Mario
Nintendo
Minecraft
Console
Toys
Legend of Zelda
Random Quiz
Search Sporcle
×
Quiz Lab
Quiz Lab
Gaming
Top 25
Type in answers that appear in a list
Type in answers that appear in a list
Classic
Best Score? Go Orange.
IGN's Top 25 Playstation Games Stats
Can you name the IGN's Top 25 Playstation Games?
By
satchmo
5m
25 Questions
502 Plays
502 Plays
502 Plays
Comments
Comments
Give Quiz Kudos
Give Quiz Kudos
-
- Ratings
hide this ad
Replay
Link that replays current quiz
Next Quiz
Link to next quiz in quiz playlist
You Got
0%
They Got
Avg Score
26%
Avg Friend Score
Upgrade to see
Score Distribution
Jump to the score distribution portion of the page
Score
0/25
Timer
05:00
0
Plays Today
Rank
Game
% Correct
18.
Final Fantasy VII
77.9%
1.
Metal Gear Solid
76.3%
7.
Final Fantasy VIII
71.1%
3.
Gran Turismo 2
55.2%
5.
Resident Evil 2
48.8%
20.
Crash Bandicoot: Warped
48%
11.
Tekken 3
35.7%
14.
Silent Hill
31.3%
19.
Syphon Filter
24.7%
23.
Final Fantasy Tactics
23.3%
2.
Castlevania: Symphony of the Night
19.5%
4.
Tony Hawk's Pro Skater
18.5%
8.
Ape Escape
15.3%
Rank
Game
% Correct
6.
Vagrant Story
14.7%
12.
Driver
14.1%
21.
Medal of Honor
14.1%
10.
R4: Ridge Racer Type 4
13.1%
16.
Parappa the Rapper
12.4%
9.
Street Fighter Alpha 3
11.2%
13.
Wipeout XL
10.2%
17.
Grandia
7.2%
15.
Madden NFL 2000
6%
22.
Lunar: Silver Star Story Complete
4%
24.
Super Puzzle Fighter II Turbo
2%
25.
Tenchu: Stealth Assassins
1.8%
Quiz Playlist
Details
Report
Send in Message
Add To Playlist
Classic:
Type in answers that appear in a list
Last Updated: Feb 16, 2017
Quiz Scoreboard
CHALLENGE
Sign Up to Join the Scoreboard
Show All
Scores
Hide
Comments
May contain spoilers
Recently Published
Pick 6: Fruits
by JohnFran
Miscellaneous
15s
Click the 1999 NBA Draft
by nibperrychub
Sports
2m
Alphabetical 'K' Countries by Flag Minefield
by ylime102
Geography
3m
More to Explore
Quiz From the Vault
Featured Blog Post
15 Basketball Trivia Facts You Can Be March Mad About
hide this ad
You Might Also Like...
Tags
IGN
Playstation
Top 25
Today's Top Quizzes in Gaming
Browse Gaming
hide this ad
Today's Top Quizzes in Top 25
Browse Top 25
Top Contributed Quizzes in Gaming
1
Pokémon Gen IV Logic Puzzle (HARD)
2
HARD Pokemon Logic Puzzle
3
Honkai: Star Rail Technique Names Quiz
4
Order Genshin Impact characters by release date!
5
Genshin Impact Logic Puzzle
6
Genshin Impact Logic Puzzle Quiz
7
Stardew Valley Logic Puzzle
8
Danganronpa 1 Logic Puzzle
9
Pokémon Logic Puzzle (DIFFICULT)
10
Kingdom Hearts Logic Puzzle
Explore More
Trending Topics
Kpop
Crossword
Anime
Harry Potter
Marvel
NBA
Disney
WWE
Soccer
NFL
Puzzle
Pokémon
The Office
Country
Song
hide this ad
More By:
satchmo
Quiz
Plays
Rating
Category
Featured
Created
Skyrim Grab Bag
46,920
4.48
Gaming
Nov 30, 2011
The Elder Scrolls III: Morrowind Skills
523
5.00
Gaming
Apr 12, 2010
IGN's Top 25 Playstation Games
502
1.00
Gaming
Apr 7, 2010
Weapons of Metal Gear Solid 3
394
2.00
Gaming
Apr 5, 2010
IGN's Top 25 Game Boy Advance Games
235
2.67
Gaming
Apr 6, 2010
Go to Creator's Profile
Score Distribution
Quiz Creator Spotlight
satchmo
Follow
Send a Message
Quizzes Created
-
Created Quiz Play Count
-
More By This Creator
Popular Quizzes Today
1
Countries of Asia Without Outlines Minefield
2
Find the US States - No Outlines Minefield
3
Pick 6: Fruits
4
Alphabetical 'K' Countries by Flag Minefield
5
The Countries of the World
6
Find the US States
7
US States
8
Find the Countries of Europe - No Outlines Minefield
More Gaming Quizzes
Corral Voldemort! # 29
Quiz Lab
Trending Quizzes
Pick 6: Mountains
Pick 6: Harry Potter
Pick 6: Flags
Pick 6: NFL Teams
Pick 6: Movie Franchises
Recently Updated
NWSL Teams
pecheneg
Women's Final Four Teams by Year
bhenderson79
Presidents Quartet II
eogle
Anything But Clue(do)
eogle
Anything But Oceanian Capitals
eogle
Anything But 7
eogle
Anything But Thing
eogle
Word Ladder: February 29
pecheneg
Song Title Questions
pecheneg
Women's NCAA Tournament #1 Seeds
pecheneg
Trending Topics
Harry Potter
Disney
NBA
Marvel
Anime
Crossword
Kpop
Puzzle
Country
NFL
Song
Soccer
Pokémon
The Office
WWE
Your Account Isn't Verified!
In order to create a playlist on Sporcle, you need to verify the email address you used during registration. Go to your
Sporcle Settings
to finish the process.
Report this User
Report this user for behavior that violates our
Community Guidelines
.
Details:
Send Report
Go to the Sporcle.com Mobile Site →
Comments